Регионална библиотека "Любен Каравелов" - Русе

Вълшебни приказки за лека нощ (Запис номер 151416)

MARC детайли
000 -Лидер
Контролно поле с фиксирана дължина 01339nam a2200337 c 4500
003 - Код на организацията, давaща контролен номер
Контролно поле BLK
005 - Дата и час на последна редакция
Контролно поле 20230505094139.0
008 - Елементи от данни с фиксирана дължина
fixed length control field 180410b bul|||||r ||||||| ||bul||
010 ## - Наследен системен номер
LC control number KNG00157813000
020 ## - Международен стандартен номер на книга ISBN
Международен стандартен номер на книга ISBN 978-954-26-1088-5
-- издат.: Хермес
040 ## - Източник на каталожния запис
Идентификатор на билиотеката - собственик на записа BLK
041 ## - Код за език
Код за езика на текст/звукозапис или на отделно заглавие Български
Код за езика КДБФ Български
072 #7 - Код за тематичната категория
Код организация bullib
Код за тематична категория Н85
Текст Детска художествена литература Н
080 ## - УДК
Текстов определител УДК Италианска литература
УДК код - определител по УДК 821.131.1
УДК определител -93
УДК - код + определител 821.131.1-93
139 ## - Редно поле
Редна дума Вълшебни приказки за лека нощ
Авторски знак Вълч - В 95
245 10 - Сведения за заглавието
Заглавие Вълшебни приказки за лека нощ
Редно поле (дума) прев. Наталия Василева Христова; ил. Анна Мария Котони.
257 ## - Страна на издаване
Страна на създаване/издаване Италия
260 ## - Област на издателските данни
-- Пловдив
Име на издателя, разпространителя и проч. Хермес
Година на издаване 2012
Печатница Китай
300 ## - Физическа характеристика
Страници 92 с.
Илюстрации и др. с цв. ил.
Размери/Мащаб 23Х23 см
380 ## - Жанр
Жанр Детска худож. лит.
490 1# - СЕРИИ (Колекции)
Име на серия Вълшебни приказки
500 ## - Общи забележки
Забележка Ориг. загл.: Storie della buonanotte.
659 ## - Тематичен бюлетин
Тематичен бюлетин Н
700 1# - Други автори (авторска отговорност)
Лично име Христова, Наталия Василева
9 (RLIN) 367224
700 1# - Други автори (авторска отговорност)
Лично име Котони, Анна Мария
Автороска отговорност (Описва отношението между автора и произведението) ил.
9 (RLIN) 83422
852 ## - Местоположение
Форматна сигнатура Цб 263724
856 4# - Електронен адрес и достъп
Електронен формат pdf - файл
Път до файла /url/
856 4# - Електронен адрес и достъп
Електронен формат pdf - файл
Път до файла /url/
942 ## - АРТИКУЛИ
Вид на библиотечния материал Книги
Скрит в OPAC Не
944 ## - СЪЗДАВАНЕ И РЕДАКЦИЯ на ЗАПИСА
Създаване/Редакция Създаване
Дата на регистрацията/редакция 12.03.2014
Служител, извършил регистрацията/редакцията Пенка_Димитрова
944 ## - СЪЗДАВАНЕ И РЕДАКЦИЯ на ЗАПИСА
Създаване/Редакция Редакция
Дата на регистрацията/редакция 06.04.2017
Служител, извършил регистрацията/редакцията Виолета_Тройчева
999 ## - СИСТЕМНИ КОНТРОЛНИ НОМЕРА
Koha biblionumber 151416
Koha biblioitemnumber 151416
Наличности
Код за отписване Код за изгубен артикул Код за повреда Коз за рестрикции Код за отдаване Артикулен № Име на библиотеката - собственик Име на библиотеката, в която се намира в момента Статус (Текущо местоположение) Дата на вписване в системата Местоположение - отдел Цена в лева Инвентарен номер Систематично азбучна сигнатура Баркод Номер на екземпляра Цена в евро Служебна бележка Служебен тип на артикула
  Не е изгубен Не е повреден без рестрикции ползва се в читалня 252889 Регионална библиотека "Любен Каравелов" Русе Регионална библиотека "Любен Каравелов" Русе Хранилище 2014-03-13 Хранилище 11.99 120000775547 Цб 263724 120000775547 1 6.13 Дост: Dp Вид: Д N: 12 Дата: 22.03.2013 Книги
Vip Innovations Ltd, Rousse, Bulgaria 2025